[Event "Veletrzni turnaj 2019"]
[Site "Brno"]
[Date "2019.08.25"]
[Round "2.10"]
[White "Kriz, Tomas"]
[Black "Zuziak, Petr"]
[Result "1-0"]
[WhiteElo "1521"]
[BlackElo "1900"]
[PlyCount "63"]
[EventDate "2019.08.25"]

1. f4 c6 2. Nf3 g6 3. g3 Bg7 4. Bg2 d5 5. d3 Nf6 6. h3 Qb6 7. d4 Ne4 8. g4 Ng3
9. Rh2 h5 10. g5 Bf5 11. c3 Nd7 12. Nbd2 Nf8 13. Kf2 Ne4+ 14. Nxe4 Bxe4 15. Qb3
Qc7 16. Rh1 Ne6 17. Ne5 Bf5 18. e3 f6 19. Nf3 fxg5 20. fxg5 h4 21. Bd2 Be4 22.
Ke2 Qg3 23. Rhg1 O-O 24. Raf1 Nxg5 25. Be1 Bxf3+ 26. Bxf3 Qxh3 27. Rxg5 Rf6 28.
Bg2 Qe6 29. Rxf6 Qxf6 30. Bxh4 Bh6 31. Rxd5 Qf7 32. Re5 1-0

[Event "Veletrzni turnaj 2019"]
[Site "Brno"]
[Date "2019.08.25"]
[Round "2.12"]
[White "Vyskocil, Neklan"]
[Black "Brychta, Jan"]
[Result "1-0"]
[WhiteElo "2306"]
[BlackElo "1457"]
[PlyCount "45"]
[EventDate "2019.08.25"]

1. d4 e6 2. c4 f5 3. h3 Nf6 4. g4 g6 5. Nc3 c6 6. gxf5 gxf5 7. d5 d6 8. Bg5 h5
9. e4 e5 10. Be2 Nbd7 11. exf5 Be7 12. Nf3 Nh7 13. Bxe7 Qxe7 14. dxc6 bxc6 15.
Ne4 d5 16. cxd5 Qb4+ 17. Nc3 cxd5 18. Qxd5 Qxb2 19. O-O Qxc3 20. Qxa8 Rg8+ 21.
Kh2 Qc7 22. Rac1 Nc5 23. Qd5 1-0

[Event "Veletrzni turnaj 2019"]
[Site "Brno"]
[Date "2019.08.25"]
[Round "2.13"]
[White "Spodny, Josef"]
[Black "Hrdlicka, Vladan"]
[Result "0-1"]
[WhiteElo "1856"]
[BlackElo "1774"]
[PlyCount "103"]
[EventDate "2019.08.25"]

1. d4 d5 2. Nf3 Nf6 3. e3 Bg4 4. c4 c6 5. Qb3 Qc7 6. Ne5 Be6 7. Nc3 dxc4 8.
Bxc4 Bxc4 9. Qxc4 e6 10. O-O Nbd7 11. Nxd7 Qxd7 12. Rd1 Be7 13. e4 O-O 14. Bg5
Qc7 15. g3 Rac8 16. Bf4 Qa5 17. Qe2 Rfe8 18. a3 Qh5 19. Qxh5 Nxh5 20. Be3 Nf6
21. f3 b6 22. Kf2 h6 23. Rd2 Bf8 24. Rad1 Rcd8 25. g4 Rd7 26. g5 hxg5 27. Bxg5
Nh7 28. Be3 Red8 29. Ke2 Nf6 30. Bg5 Be7 31. Be3 g6 32. Rd3 Kg7 33. Bf4 Nh5 34.
Be3 Rh8 35. Kf2 Nf6 36. Kg2 Rh5 37. Bf4 Ne8 38. Be5+ Bf6 39. Bxf6+ Nxf6 40. f4
Ng4 41. h3 Nf6 42. e5 Nd5 43. Nxd5 Rxd5 44. b4 a5 45. Rc1 axb4 46. Rxc6 bxa3
47. Rxb6 Ra5 48. Rb1 Rh8 49. Ra1 a2 50. Rd2 Rha8 51. Kf3 Ra3+ 52. Ke4 0-1

[Event "Veletrzni turnaj 2019"]
[Site "Brno"]
[Date "2019.08.25"]
[Round "2.14"]
[White "Neduchal, Jiri"]
[Black "Habinova, Alice"]
[Result "1-0"]
[WhiteElo "1790"]
[BlackElo "1356"]
[PlyCount "111"]
[EventDate "2019.08.25"]

1. d4 d5 2. Nf3 Nf6 3. e3 Bg4 4. Bd3 e6 5. O-O c5 6. c3 Nc6 7. Nbd2 Bd6 8. Qe2
O-O 9. dxc5 Bxc5 10. b4 Bd6 11. Bb2 Qc7 12. h3 Bh5 13. a3 Rac8 14. c4 Be5 15.
Rab1 Bxb2 16. Rxb2 Ne5 17. c5 Nxd3 18. Qxd3 e5 19. Qb3 Qd7 20. Nxe5 Qe6 21.
Nef3 Rfd8 22. Nd4 Qe5 23. Rc1 Qe8 24. b5 Bg6 25. a4 Nd7 26. c6 bxc6 27. Rxc6
Ne5 28. Rxc8 Rxc8 29. N2f3 Rc1+ 30. Kh2 Nd3 31. Rd2 Qb8+ 32. g3 Nc5 33. Qxd5
Be4 34. Qg5 f6 35. Qf4 Qxf4 36. gxf4 Nxa4 37. Ra2 Bxf3 38. Nxf3 Nc3 39. Rxa7
Nxb5 40. Rb7 Nd6 41. Rb2 Kf7 42. Nd4 Ne4 43. Kg2 g6 44. Rb7+ Kg8 45. f3 Nd6 46.
Re7 Ra1 47. Re6 Ra2+ 48. Kg1 Nc4 49. f5 Kf7 50. e4 Ne5 51. Rb6 gxf5 52. exf5
Ra7 53. Kg2 Nc4 54. Rc6 Ne5 55. Rc8 Ke7 56. Rh8 1-0

[Event "Veletrzni turnaj 2019"]
[Site "Brno"]
[Date "2019.08.25"]
[Round "2.16"]
[White "Petlan, Ivan"]
[Black "Bauer, Miroslav"]
[Result "1/2-1/2"]
[WhiteElo "1951"]
[BlackElo "1611"]
[PlyCount "112"]
[EventDate "2019.08.25"]

1. d4 d5 2. Bf4 Nf6 3. e3 e6 4. Nf3 Nbd7 5. Bd3 c5 6. c3 Be7 7. Nbd2 a6 8. Ne5
O-O 9. h4 b5 10. Nc6 Qe8 11. g4 Nb6 12. Nxe7+ Qxe7 13. g5 Nfd7 14. Qh5 g6 15.
Qh6 e5 16. dxe5 Nxe5 17. Be2 d4 18. Ne4 Ng4 19. Bd6 Nxh6 20. Bxe7 Nf5 21. Nf6+
Kg7 22. Bxf8+ Kxf8 23. cxd4 cxd4 24. e4 Nd6 25. b3 Bb7 26. f3 Rc8 27. Kd2 b4
28. Nxh7+ Ke7 29. Nf6 a5 30. h5 gxh5 31. Nxh5 a4 32. Rac1 Rc3 33. Rxc3 bxc3+
34. Kc2 Nxe4 35. Re1 axb3+ 36. axb3 Nc5 37. Ba6+ Kd6 38. Bxb7 Nxb7 39. Nf4 Nc5
40. b4 Na6 41. Kb3 Nc7 42. Nd3 Ne6 43. Rg1 Kd5 44. g6 fxg6 45. Rxg6 Nc4 46. Rh6
Nd2+ 47. Kc2 Nxf3 48. b5 Nd8 49. Rf6 Nd2 50. Rf8 Nb7 51. Rf5+ Kc4 52. b6 Nb3
53. Ne5+ Kb4 54. Nc6+ Kc4 55. Ne5+ Kb4 56. Nc6+ Kc4 1/2-1/2

[Event "Veletrzni turnaj 2019"]
[Site "Brno"]
[Date "2019.08.25"]
[Round "2.17"]
[White "Glozar, Petr"]
[Black "Krystl, Jaromir"]
[Result "1-0"]
[WhiteElo "1903"]
[BlackElo "1548"]
[PlyCount "63"]
[EventDate "2019.08.25"]

1. e4 e5 2. Nf3 Nc6 3. Bb5 Nd4 4. Nxd4 exd4 5. O-O Bc5 6. d3 c6 7. Bc4 d5 8.
exd5 cxd5 9. Re1+ Ne7 10. Bb3 a5 11. a4 O-O 12. Qf3 Be6 13. Na3 Bb4 14. Re2 Qd7
15. h3 Bxa3 16. Rxa3 Ng6 17. Bd2 b6 18. Ra1 Rfc8 19. Bf4 Rc5 20. Be5 Nxe5 21.
Rxe5 f6 22. Re2 Qd6 23. Rae1 Bf7 24. Qg4 b5 25. Qxd4 Rb8 26. Re7 bxa4 27. Qxa4
Rcb5 28. Qd4 Rc5 29. Qg4 Rc7 30. Rxc7 Qxc7 31. Qa4 Rb4 32. Re8+ 1-0

[Event "Veletrzni turnaj 2019"]
[Site "Brno"]
[Date "2019.08.25"]
[Round "2.18"]
[White "Pavlik, Vladimir"]
[Black "Hradek, Matyas"]
[Result "1-0"]
[WhiteElo "1898"]
[BlackElo "1546"]
[PlyCount "69"]
[EventDate "2019.08.25"]

1. e4 d6 2. d4 Nf6 3. Nc3 g6 4. f4 Bg7 5. Nf3 Bg4 6. h3 Bxf3 7. Qxf3 Nc6 8. Bb5
Nd7 9. Bxc6 bxc6 10. Be3 Nb6 11. e5 d5 12. f5 Qd7 13. O-O e6 14. f6 Bf8 15. b3
Rb8 16. Ne2 Qc8 17. Nf4 Qd7 18. Nd3 Kd8 19. Rfd1 Qe8 20. Qe2 Nd7 21. c4 Nb6 22.
c5 Nc8 23. Rdb1 Kd7 24. a4 h5 25. b4 a6 26. Nc1 Ra8 27. b5 axb5 28. axb5 Rxa1
29. Rxa1 Kd8 30. Rb1 cxb5 31. Rxb5 c6 32. Rb7 Bh6 33. Bxh6 Rxh6 34. Qd2 Rh7 35.
Qa5+ 1-0

[Event "Veletrzni turnaj 2019"]
[Site "Brno"]
[Date "2019.08.25"]
[Round "2.19"]
[White "Vaculik, Martin"]
[Black "Tajovsky, Simon"]
[Result "1-0"]
[WhiteElo "1772"]
[BlackElo "1494"]
[PlyCount "45"]
[EventDate "2019.08.25"]

1. d4 Nf6 2. c4 c5 3. d5 b5 4. cxb5 a6 5. f3 axb5 6. e4 Ba6 7. e5 Ng8 8. f4 g6
9. Nc3 b4 10. Ne4 Bxf1 11. Kxf1 d6 12. exd6 exd6 13. Qe2 Qe7 14. Nxd6+ Kd7 15.
Qxe7+ Kxe7 16. Ne4 Nd7 17. Nf3 Bg7 18. Kf2 Ngf6 19. d6+ Ke6 20. Nfg5+ Kf5 21.
Ng3+ Kg4 22. h3+ Kh4 23. Nf3# 1-0

[Event "Veletrzni turnaj 2019"]
[Site "Brno"]
[Date "2019.08.25"]
[Round "2.20"]
[White "Sojka, Oldrich"]
[Black "Rehurek, Karel"]
[Result "0-1"]
[WhiteElo "1447"]
[BlackElo "1743"]
[PlyCount "96"]
[EventDate "2019.08.25"]

1. e4 e5 2. Nc3 Nc6 3. a3 Nf6 4. Bc4 d6 5. d3 Be7 6. Nf3 O-O 7. Bg5 h6 8. Bh4
Nh7 9. Bxe7 Qxe7 10. Nd5 Qd8 11. h3 Ne7 12. Qd2 Nxd5 13. Bxd5 c6 14. Ba2 Qc7
15. g4 Be6 16. Bc4 d5 17. exd5 cxd5 18. Bb3 e4 19. dxe4 dxe4 20. Nd4 Bxb3 21.
Nxb3 Rad8 22. Qe3 b6 23. Nd4 Qe5 24. O-O-O Nf6 25. f4 Nd5 26. Qb3 Nxf4 27. Nc6
Rxd1+ 28. Rxd1 Qc7 29. Nd4 Rd8 30. Kb1 Qe5 31. Qe3 Nd5 32. Qe1 Ne7 33. c3 f5
34. Rc1 f4 35. Nf3 Qd5 36. Nd4 e3 37. Qe2 Nc6 38. Rd1 Qe4+ 39. Ka1 Nxd4 40.
Qc4+ Kh7 41. cxd4 f3 42. Qf7 f2 43. Rc1 Qxd4 44. Qf5+ Kh8 45. Qf3 Qd3 46. g5
hxg5 47. Qh5+ Kg8 48. Qf3 Rf8 0-1

[Event "Veletrzni turnaj 2019"]
[Site "Brno"]
[Date "2019.08.25"]
[Round "2.21"]
[White "Haupt, Jaromir"]
[Black "Ulcak, Michael"]
[Result "0-1"]
[WhiteElo "1743"]
[BlackElo "1443"]
[PlyCount "81"]
[EventDate "2019.08.25"]

1. c4 c6 2. Nf3 Nf6 3. e3 d5 4. Nc3 a6 5. b3 Bf5 6. Nd4 Bg6 7. f4 Nbd7 8. f5
Bh5 9. Be2 Bxe2 10. Qxe2 g6 11. cxd5 cxd5 12. g4 Ne5 13. g5 Ne4 14. Bb2 Nxg5
15. h4 Ne4 16. Rh3 Qd7 17. Na4 Qc7 18. Rc1 Qd6 19. d3 Qb4+ 20. Kf1 Nf6 21. Rg3
Bh6 22. a3 Qd6 23. Kg2 O-O 24. h5 Kh8 25. hxg6 fxg6 26. fxg6 Nxg6 27. Nf5 Qf4
28. Nxh6 Qxh6 29. Rh1 Qg7 30. Nc5 Rg8 31. Qf3 Qf7 32. Rh5 Rg7 33. Bxf6 Qxf6 34.
Qxf6 exf6 35. Rxd5 Rag8 36. Kf2 Rc8 37. Nxb7 Rxb7 38. b4 Rc3 39. Rd6 Rxa3 40.
Rxf6 Rxb4 41. Rd6 0-1

[Event "Veletrzni turnaj 2019"]
[Site "Brno"]
[Date "2019.08.25"]
[Round "2.22"]
[White "Keprt, Tomas"]
[Black "Blazek, Pavel"]
[Result "1-0"]
[WhiteElo "1438"]
[BlackElo "1730"]
[PlyCount "95"]
[EventDate "2019.08.25"]

1. e4 Nc6 2. d4 d5 3. exd5 Qxd5 4. Nf3 e5 5. c4 Bb4+ 6. Nc3 Qe4+ 7. Be3 exd4 8.
Nxd4 Bd7 9. Qd2 Qg6 10. a3 Bxc3 11. Qxc3 Nge7 12. Nb5 O-O 13. Bd3 Bf5 14. O-O-O
a6 15. Nd4 Nxd4 16. Bxd4 Bxd3 17. Qxd3 Nc6 18. Rhe1 Qxd3 19. Rxd3 Nxd4 20. Rxd4
Rfe8 21. Rxe8+ Rxe8 22. Kd2 Kf8 23. Rd7 Rc8 24. Kd3 Ke8 25. Rd5 Ke7 26. Ke4 Kf6
27. b4 Re8+ 28. Kf3 Re1 29. Rd7 Ra1 30. Rxc7 Rxa3+ 31. Ke4 Ra2 32. f3 Rxg2 33.
Rxb7 Rxh2 34. c5 Rh4+ 35. Kd5 h5 36. c6 Rh1 37. c7 Rd1+ 38. Kc6 Rc1+ 39. Kd7
Rd1+ 40. Kc8 h4 41. Rb6+ Kf5 42. Kb7 Rd7 43. Rxa6 h3 44. Kb8 Rxc7 45. Kxc7 g5
46. b5 Kf4 47. b6 Kxf3 48. b7 1-0

[Event "Veletrzni turnaj 2019"]
[Site "Brno"]
[Date "2019.08.25"]
[Round "2.23"]
[White "Zaza, Martin"]
[Black "Zikan, Karel"]
[Result "1/2-1/2"]
[WhiteElo "1234"]
[BlackElo "1717"]
[PlyCount "99"]
[EventDate "2019.08.25"]

1. b3 Nf6 2. Bb2 g6 3. e3 Bg7 4. g3 c5 5. Bg2 Nc6 6. Ne2 O-O 7. O-O Qc7 8. c4
b6 9. d4 cxd4 10. Nxd4 Bb7 11. Nb5 Qc8 12. Nd2 Rd8 13. a3 a6 14. Nc3 d6 15. Rc1
Ne5 16. Nd5 Nxd5 17. cxd5 Qd7 18. Bxe5 Bxe5 19. Nc4 Qb5 20. a4 Qb4 21. Nxe5
dxe5 22. Rc7 Rab8 23. e4 Qd6 24. Rc1 Rbc8 25. Qf3 Rc5 26. Qe3 Rdc8 27. Rxc5
Qxc5 28. Re1 a5 29. Bf1 Qxe3 30. Rxe3 Rc1 31. Kg2 g5 32. Bc4 Kf8 33. Rf3 Rd1
34. Rd3 Re1 35. Kf3 h5 36. Re3 Rd1 37. Ke2 Rh1 38. Rc3 Bc8 39. Bb5 Bg4+ 40. Ke3
Re1+ 41. Kd2 Rxe4 42. Rc6 Rd4+ 43. Ke3 Rxd5 44. Rxb6 Rd6 45. Rb8+ Kg7 46. Ra8
Be6 47. Bc4 Bxc4 48. bxc4 Rc6 49. Rxa5 Rxc4 50. Rxe5 1/2-1/2

[Event "Veletrzni turnaj 2019"]
[Site "Brno"]
[Date "2019.08.25"]
[Round "2.24"]
[White "Kacalek, Tomas"]
[Black "Zezula, Jakub"]
[Result "1-0"]
[WhiteElo "1683"]
[BlackElo "1213"]
[PlyCount "45"]
[EventDate "2019.08.25"]

1. e4 c5 2. Nf3 d6 3. c3 Nf6 4. Be2 Bd7 5. e5 dxe5 6. Nxe5 g6 7. Qb3 e6 8. Qxb7
Bd6 9. Qxa8 Bxe5 10. Qxa7 Bd6 11. d4 Nc6 12. Qa6 O-O 13. O-O Be7 14. dxc5 Bxc5
15. Bh6 Re8 16. Nd2 Qc7 17. g3 e5 18. Bg5 Nh5 19. Bxh5 gxh5 20. Ne4 Be7 21.
Bxe7 Rxe7 22. Nf6+ Kh8 23. Nd5 1-0

[Event "Veletrzni turnaj 2019"]
[Site "Brno"]
[Date "2019.08.25"]
[Round "2.26"]
[White "Zezula, Matej"]
[Black "Nisztuk, Michal"]
[Result "0-1"]
[WhiteElo "1026"]
[BlackElo "1630"]
[PlyCount "42"]
[EventDate "2019.08.25"]

1. e4 e5 2. Nf3 Nc6 3. Nc3 Nf6 4. Bb5 d6 5. d3 Bg4 6. Bg5 Be7 7. Bxf6 Bxf6 8.
O-O O-O 9. Bxc6 bxc6 10. Re1 Rb8 11. Rb1 d5 12. Na4 dxe4 13. Rxe4 Bh5 14. Nc5
Qd5 15. b4 Bxf3 16. Qxf3 Qxa2 17. Qd1 Qd5 18. Na6 Rb6 19. Nc5 Rbb8 20. c4 Qd8
21. Qf3 h5 0-1

[Event "Veletrzni turnaj 2019"]
[Site "Brno"]
[Date "2019.08.26"]
[Round "3.1"]
[White "Pokorny, Petr"]
[Black "Kriz, Tomas"]
[Result "1-0"]
[WhiteElo "2220"]
[BlackElo "1521"]
[PlyCount "43"]
[EventDate "2019.08.25"]

1. d4 e6 2. c4 f5 3. Nf3 Nf6 4. g3 d5 5. Bg2 Be7 6. O-O O-O 7. b3 b6 8. Ba3 Bb7
9. Bxe7 Qxe7 10. Nbd2 Nbd7 11. Qc2 Rac8 12. Rac1 c5 13. Qb2 cxd4 14. Nxd4 Ne4
15. cxd5 exd5 16. Rxc8 Bxc8 17. Rc1 Ndc5 18. b4 Ne6 19. Nxf5 Qf7 20. Nxe4 dxe4
21. Bxe4 g6 22. Nh6# 1-0

[Event "Veletrzni turnaj 2019"]
[Site "Brno"]
[Date "2019.08.26"]
[Round "3.2"]
[White "Krejci, Petr"]
[Black "Dirgas, Josef"]
[Result "1/2-1/2"]
[WhiteElo "1979"]
[BlackElo "2114"]
[PlyCount "98"]
[EventDate "2019.08.25"]

1. Nf3 Nf6 2. g3 b6 3. Bg2 Bb7 4. O-O c5 5. c4 g6 6. Nc3 Bg7 7. d3 O-O 8. Rb1
Nc6 9. e4 d6 10. h3 Ne8 11. g4 Nc7 12. Nd5 Ne6 13. b4 cxb4 14. Nxb4 Nxb4 15.
Rxb4 Qd7 16. Bb2 Bxb2 17. Rxb2 Nf4 18. Qd2 e5 19. Ne1 Qe7 20. f3 Qh4 21. Kh2 h5
22. Qf2 Qxf2 23. Rfxf2 h4 24. Bf1 g5 25. Ng2 Nxg2 26. Kxg2 Rfc8 27. Rb4 Kg7 28.
Rfb2 Kf6 29. Kf2 Bc6 30. Ke3 Bd7 31. Be2 Rc5 32. Rd2 Ra5 33. d4 Ke7 34. dxe5
dxe5 35. Rd5 Rc5 36. Rxc5 bxc5 37. Rb2 Bc6 38. Kd2 Kd6 39. Ke3 Kc7 40. Bd1 Rd8
41. Rd2 Rd4 42. a3 Kb6 43. Rb2+ Ka5 44. Bc2 Rd8 45. Rb1 Ka6 46. Rd1 Rxd1 47.
Bxd1 Ka5 48. Kd2 Bd7 49. Kc3 Bc6 1/2-1/2

[Event "Veletrzni turnaj 2019"]
[Site "Brno"]
[Date "2019.08.26"]
[Round "3.3"]
[White "Snorek, Milan"]
[Black "Pokladnik, Martin"]
[Result "1-0"]
[WhiteElo "1949"]
[BlackElo "1980"]
[PlyCount "109"]
[EventDate "2019.08.25"]

1. d4 Nf6 2. c4 e6 3. g3 Bb4+ 4. Bd2 Bxd2+ 5. Qxd2 d5 6. Nf3 c6 7. Bg2 Nbd7 8.
O-O O-O 9. Qc2 b6 10. Nbd2 Bb7 11. e4 dxe4 12. Nxe4 Qc7 13. Nxf6+ Nxf6 14. c5
bxc5 15. dxc5 a5 16. Rfe1 Rfd8 17. Rad1 h6 18. Ne5 Rxd1 19. Qxd1 Rd8 20. Qa4
Nd7 21. Nxc6 Bxc6 22. Qxc6 Qxc6 23. Bxc6 Nxc5 24. Re2 Rd1+ 25. Kg2 Kf8 26. Bb5
Ke7 27. Rc2 Kd6 28. Be2 Rb1 29. Rd2+ Kc7 30. Bd1 Ne4 31. Rc2+ Kb6 32. Be2 Nc5
33. f3 Na4 34. b3 Rb2 35. Rxb2 Nxb2 36. Kf2 Kc5 37. Ke3 Kb4 38. Kd2 Ka3 39. Kc2
Kxa2 40. Bb5 Ka3 41. Be8 f6 42. Bf7 a4 43. Bxe6 axb3+ 44. Bxb3 Nd1 45. Be6 Ne3+
46. Kd3 Nf1 47. Ke2 Nxh2 48. Kf2 h5 49. Kg2 Nxf3 50. Kxf3 g5 51. Ke4 Kb4 52.
Kf5 Kc5 53. Kxf6 h4 54. g4 h3 55. Ke5 1-0

[Event "Veletrzni turnaj 2019"]
[Site "Brno"]
[Date "2019.08.26"]
[Round "3.4"]
[White "Stehlik, Jiri"]
[Black "Sipek, Michal"]
[Result "1/2-1/2"]
[WhiteElo "1886"]
[BlackElo "2010"]
[PlyCount "48"]
[EventDate "2019.08.25"]

1. Nf3 Nf6 2. d4 g6 3. Nc3 Bg7 4. e4 d6 5. Be2 O-O 6. O-O Nbd7 7. Be3 e5 8.
dxe5 Nxe5 9. Nxe5 dxe5 10. Qxd8 Rxd8 11. Bc4 a6 12. Rad1 Re8 13. f3 Nd7 14. Rd2
Bf8 15. Rfd1 Bc5 16. Bxc5 Nxc5 17. Rd8 Kf8 18. R1d2 Ke7 19. Rxe8+ Kxe8 20. Nd1
Ke7 21. Nf2 a5 22. Be2 Be6 23. a3 f6 24. Kf1 Rd8 1/2-1/2

[Event "Veletrzni turnaj 2019"]
[Site "Brno"]
[Date "2019.08.26"]
[Round "3.5"]
[White "Wunsch, Radek"]
[Black "Vyskocil, Neklan"]
[Result "0-1"]
[WhiteElo "1833"]
[BlackElo "2306"]
[PlyCount "73"]
[EventDate "2019.08.25"]

1. e4 c5 2. Nf3 d6 3. c3 Nf6 4. Be2 g6 5. O-O Bg7 6. Bb5+ Nbd7 7. Re1 O-O 8. d4
Qc7 9. h3 Nb6 10. Nbd2 cxd4 11. cxd4 Bd7 12. Bd3 Rac8 13. Nb3 Nc4 14. Qe2 b5
15. Bg5 h6 16. Bh4 Nh5 17. Bg3 Nxg3 18. fxg3 Qb6 19. Kh1 a5 20. Rad1 Rc7 21. e5
a4 22. Nc1 dxe5 23. dxe5 Be6 24. b3 axb3 25. axb3 Na3 26. Qb2 b4 27. Ne2 Rfc8
28. Nf4 Rc3 29. Nxe6 Qxe6 30. Nd4 Qd5 31. Be4 Qxe5 32. Bxg6 Qxg3 33. Bf5 Bxd4
34. Bxc8 Rc2 35. Qxc2 Nxc2 36. Re2 Be5 37. Kg1 0-1

[Event "Veletrzni turnaj 2019"]
[Site "Brno"]
[Date "2019.08.26"]
[Round "3.6"]
[White "Jires, Jiri"]
[Black "Marsa, Alexandr"]
[Result "1/2-1/2"]
[WhiteElo "2073"]
[BlackElo "1853"]
[PlyCount "101"]
[EventDate "2019.08.25"]

1. e4 e6 2. d3 d5 3. Nd2 Nf6 4. Ngf3 b6 5. g3 dxe4 6. dxe4 Bb7 7. Qe2 Nc6 8. c3
a5 9. Bg2 Ba6 10. c4 Nb4 11. O-O Qd3 12. Qxd3 Nxd3 13. e5 Nd7 14. Ne1 Nxe1 15.
Bxa8 Nc2 16. Rb1 Nxe5 17. b3 Bd6 18. Bb2 Ke7 19. Be4 Nb4 20. f4 Bc5+ 21. Kg2
Ng4 22. Rfe1 f5 23. Bf3 Ne3+ 24. Kh3 Nd3 25. Re2 Nxb2 26. Rxb2 h6 27. g4 Kf6
28. Kg3 g5 29. gxf5 exf5 30. Rb1 Bd6 31. Kf2 gxf4 32. Bc6 Ng4+ 33. Ke1 Ne5 34.
Bd5 c6 35. Bh1 Rg8 36. Kd1 b5 37. Kc2 bxc4 38. Nxc4 Nxc4 39. bxc4 Bxc4 40. Rd2
Bb4 41. Rd4 Bxa2 42. Rf1 Re8 43. Rdxf4 Re5 44. Bxc6 Rc5+ 45. Kb2 Bc4 46. Rc1
Rxc6 47. Rfxc4 Rxc4 48. Rxc4 Kg5 49. h4+ Kh5 50. Kc2 Be1 51. Rf4 1/2-1/2

[Event "Veletrzni turnaj 2019"]
[Site "Brno"]
[Date "2019.08.26"]
[Round "3.7"]
[White "Straka, Vojtech"]
[Black "Tajovsky, Matej"]
[Result "1-0"]
[WhiteElo "1997"]
[BlackElo "1819"]
[PlyCount "29"]
[EventDate "2019.08.25"]

1. c4 e5 2. Nc3 Nf6 3. g3 d5 4. cxd5 Nxd5 5. Bg2 Be6 6. d3 Nc6 7. Nf3 Be7 8.
O-O O-O 9. Nxd5 Bxd5 10. Bd2 f5 11. Bc3 Bf6 12. Qa4 Qe7 13. Qb5 Qe6 14. Ng5 Bc4
15. dxc4 1-0

[Event "Veletrzni turnaj 2019"]
[Site "Brno"]
[Date "2019.08.26"]
[Round "3.8"]
[White "Nemec, David"]
[Black "Neduchal, Jiri"]
[Result "1-0"]
[WhiteElo "1982"]
[BlackElo "1790"]
[PlyCount "69"]
[EventDate "2019.08.25"]

1. c4 Nf6 2. Nc3 g6 3. g3 Bg7 4. Bg2 O-O 5. d4 d6 6. e4 e5 7. Nge2 Nbd7 8. O-O
c6 9. h3 Re8 10. d5 cxd5 11. Nxd5 Nxd5 12. Qxd5 Nc5 13. b3 Be6 14. Qd2 a5 15.
Nc3 b6 16. Rd1 Bf8 17. Qe2 Ra7 18. Be3 Rd7 19. Rd2 Kg7 20. Rad1 Qb8 21. Kh2
Red8 22. Nd5 Bxd5 23. Rxd5 Ne6 24. f4 Be7 25. f5 Nc7 26. R5d2 Na6 27. Qf2 Nc5
28. f6+ Bxf6 29. Bh6+ Kxh6 30. Qxf6 Ne6 31. g4 Rf8 32. h4 Qd8 33. g5+ Kh5 34.
Qf3+ Kxh4 35. Qg3+ 1-0

[Event "Veletrzni turnaj 2019"]
[Site "Brno"]
[Date "2019.08.26"]
[Round "3.10"]
[White "Hrdlicka, Vladan"]
[Black "Glozar, Petr"]
[Result "0-1"]
[WhiteElo "1774"]
[BlackElo "1903"]
[PlyCount "32"]
[EventDate "2019.08.25"]

1. e4 c5 2. Nf3 Nc6 3. Bb5 g6 4. Bxc6 bxc6 5. c3 Bg7 6. O-O Nf6 7. Re1 O-O 8.
d3 Qc7 9. Be3 d6 10. Nbd2 Rb8 11. Rb1 Be6 12. Qa4 Ng4 13. Bf4 Rb5 14. h3 Ne5
15. Nxe5 Bxe5 16. Bxe5 dxe5 0-1

[Event "Veletrzni turnaj 2019"]
[Site "Brno"]
[Date "2019.08.26"]
[Round "3.11"]
[White "Zuziak, Petr"]
[Black "Kacalek, Tomas"]
[Result "1-0"]
[WhiteElo "1900"]
[BlackElo "1683"]
[PlyCount "72"]
[EventDate "2019.08.25"]

1. d4 Nf6 2. Nf3 g6 3. c4 Bg7 4. Nc3 O-O 5. Bg5 c5 6. e3 cxd4 7. exd4 d6 8. Be2
Nc6 9. O-O h6 10. Bf4 Bf5 11. d5 Nb4 12. a3 Na6 13. Nd4 Bd7 14. Qd2 Kh7 15. b4
Nc7 16. Be3 a5 17. b5 Ng4 18. Bxg4 Bxg4 19. Rab1 e5 20. Nde2 Rc8 21. Bb6 Qh4
22. g3 Qh3 23. f3 Bf5 24. Rbc1 h5 25. Nd1 Bh6 26. f4 Be4 27. Nec3 exf4 28. Nxe4
fxg3 29. Ne3 gxh2+ 30. Kh1 f5 31. Nxd6 Nxd5 32. Qxd5 Bxe3 33. Bxe3 Qxe3 34.
Nxc8 Rxc8 35. Qxb7+ Kh6 36. Qf3 Qc5 1-0

[Event "Veletrzni turnaj 2019"]
[Site "Brno"]
[Date "2019.08.26"]
[Round "3.12"]
[White "Nisztuk, Michal"]
[Black "Pavlik, Vladimir"]
[Result "0-1"]
[WhiteElo "1630"]
[BlackElo "1898"]
[PlyCount "86"]
[EventDate "2019.08.25"]

1. e4 c5 2. Nf3 Nc6 3. d4 cxd4 4. Nxd4 g6 5. c4 Bg7 6. Be3 Nf6 7. Nc3 Ng4 8.
Nxc6 Nxe3 9. Nxd8 Nxd1 10. Rxd1 Kxd8 11. f4 Bxc3+ 12. bxc3 b6 13. Be2 Bb7 14.
Bf3 Rc8 15. Rd4 Rc5 16. O-O Kc7 17. Bg4 d6 18. e5 h5 19. Bh3 d5 20. Rfd1 e6 21.
g3 Rxc4 22. Rxc4+ dxc4 23. Rd4 b5 24. Kf2 Bd5 25. Ke3 Kc6 26. Bf1 Kc5 27. Be2
a5 28. Rd2 b4 29. Rc2 bxc3 30. Rxc3 Rb8 31. Rc2 Rb1 32. Bf3 Bxf3 33. Kxf3 Rd1
34. h3 Rd3+ 35. Kg2 c3 36. Kf2 Kc4 37. Rc1 Rd2+ 38. Ke3 Rxa2 39. g4 hxg4 40.
hxg4 Rh2 41. f5 gxf5 42. gxf5 c2 43. Ke4 Kc3 0-1

[Event "Veletrzni turnaj 2019"]
[Site "Brno"]
[Date "2019.08.26"]
[Round "3.13"]
[White "Brychta, Jan"]
[Black "Vavrinkova, Eliska"]
[Result "0-1"]
[WhiteElo "1457"]
[BlackElo "1873"]
[PlyCount "96"]
[EventDate "2019.08.25"]

1. Nf3 d5 2. g3 Nf6 3. Bg2 g6 4. O-O Bg7 5. d3 c5 6. Qe1 Nc6 7. e4 e5 8. c3 O-O
9. Nbd2 h6 10. a4 Be6 11. Nh4 Re8 12. f4 exf4 13. gxf4 dxe4 14. dxe4 Bd5 15. e5
Bxg2 16. Nxg2 Nd5 17. Qf2 b6 18. Nc4 Qc7 19. Nd6 Rf8 20. c4 Ndb4 21. Ra3 Nd4
22. Ne3 Qd7 23. Qg2 Nbc6 24. Nd5 Ne7 25. Ne4 Nxd5 26. cxd5 Rad8 27. d6 Kh7 28.
Rh3 Nf5 29. Kh1 Qxa4 30. Rg1 Qd7 31. e6 fxe6 32. Qxg6+ Kh8 33. Ng5 Bd4 34. Rg2
Rf6 35. Qh5 Ng7 36. Qf3 Qxd6 37. Ne4 Qf8 38. Nxf6 Qxf6 39. Qe4 Nf5 40. Ra3 Qe7
41. Rg6 Bf6 42. Rh3 Rd1+ 43. Rg1 Rxg1+ 44. Kxg1 Qg7+ 45. Kh1 Bd4 46. Be3 Bxe3
47. Rxe3 Nxe3 48. Qa8+ Qg8 0-1

[Event "Veletrzni turnaj 2019"]
[Site "Brno"]
[Date "2019.08.26"]
[Round "3.14"]
[White "Licka, Vlastimil"]
[Black "Lisik, Miroslav"]
[Result "1-0"]
[WhiteElo "1872"]
[BlackElo "1654"]
[PlyCount "133"]
[EventDate "2019.08.25"]

1. e4 c5 2. Nf3 g6 3. c4 Nc6 4. d4 cxd4 5. Nxd4 Nf6 6. Nc3 d6 7. Be2 Nxd4 8.
Qxd4 Bg7 9. Be3 O-O 10. Qd2 Qa5 11. f3 Be6 12. Rc1 a6 13. O-O Rfc8 14. b3 b5
15. Nd5 Qxd2 16. Bxd2 Bxd5 17. cxd5 Nd7 18. Rfd1 Kf8 19. Kf1 Ke8 20. Be3 Kd8
21. Rxc8+ Rxc8 22. Rc1 Rxc1+ 23. Bxc1 Bd4 24. Bd2 e5 25. Bd3 Kc7 26. Ke2 Kb6
27. b4 Kb7 28. Kd1 Nb6 29. Kc2 Na4 30. Kb3 Kb6 31. Bg5 Kc7 32. f4 Be3 33. g3
Bg1 34. fxe5 dxe5 35. h3 Nb6 36. Be7 Nd7 37. a4 bxa4+ 38. Kxa4 Kb7 39. g4 Bb6
40. Bc4 Be3 41. Be2 Bb6 42. g5 Bd4 43. Bg4 Nb6+ 44. Kb3 Nc8 45. d6 Bb6 46. Kc4
Na7 47. Bd7 Nc6 48. Be8 Nd8 49. Kd5 a5 50. bxa5 Bxa5 51. Kxe5 Kc8 52. Kd5 Bb6
53. e5 Be3 54. Bxd8 Kxd8 55. Bxf7 Bxg5 56. Bg8 h6 57. Bf7 Kd7 58. Bxg6 Bh4 59.
Bf7 Bg5 60. Kc4 Bh4 61. Bh5 Bg5 62. Kd5 Bh4 63. e6+ Kd8 64. Ke4 Bf6 65. Kf5 Bh4
66. Bf7 Bg5 67. Kg6 1-0

[Event "Veletrzni turnaj 2019"]
[Site "Brno"]
[Date "2019.08.26"]
[Round "3.15"]
[White "Veznik, Michael"]
[Black "Vavrinkova, Anna"]
[Result "0-1"]
[WhiteElo "1811"]
[BlackElo "1652"]
[PlyCount "62"]
[EventDate "2019.08.25"]

1. b3 c5 2. e4 Nc6 3. f4 e6 4. Nf3 Nf6 5. d3 Be7 6. Bb2 O-O 7. g3 d5 8. e5 Ng4
9. Qe2 f6 10. h3 Nh6 11. Nbd2 Nf5 12. Rg1 Nb4 13. O-O-O Nxa2+ 14. Kb1 Qa5 15.
g4 Nd4 16. Nxd4 cxd4 17. b4 Nxb4 18. Nb3 Qa2+ 19. Kc1 fxe5 20. Qxe5 Bd7 21. g5
Rac8 22. Nxd4 Rf5 23. Qe3 Qa4 24. Rd2 Bc5 25. c3 Bxd4 26. Qxd4 Rxf4 27. Qe3
Na2+ 28. Kb1 Nxc3+ 29. Bxc3 Rxc3 30. Qe2 Qa3 31. Rb2 Ra4 0-1

[Event "Veletrzni turnaj 2019"]
[Site "Brno"]
[Date "2019.08.26"]
[Round "3.16"]
[White "Ulcak, Michael"]
[Black "Vaculik, Martin"]
[Result "1/2-1/2"]
[WhiteElo "1443"]
[BlackElo "1772"]
[PlyCount "30"]
[EventDate "2019.08.25"]

1. e4 c5 2. Nc3 Nc6 3. g3 g6 4. Bg2 Bg7 5. d3 d6 6. Be3 Rb8 7. Qd2 b5 8. f4 b4
9. Nd1 Bd7 10. Ne2 e6 11. O-O Nge7 12. g4 Nd4 13. Ng3 Nec6 14. c3 bxc3 15. bxc3
Nb5 1/2-1/2